000 01242nam a22003137a 4500
003 DO-SdBNP
005 20220517131832.0
008 171123b 2011 sp a||||| |||| 00| 0 spa d
020 _a9788415142034
040 _aBPMSU
_bspa
_cBPMSU
082 _a612.92
_bT776g 2011
_222
245 _aTratado de gastroenterología, hepatología y nutrición pediátrica /
_cF. Argüelles M. ... [et al .]. : prólogo Luis Peña Quintana
260 _aEspaña :
_bOceano /Ergon,
_c2011.
300 _av. :
_bil. , + CD -ROM ;
_c30 cm.
505 _av.1 Desarrollo y fisiología del aparato digestivo ; Semiología de las enfermedades gastrointestinales ; Patología digestiva clasificada por órganos. -- v.2 Tratamiento nutricional de las enfermedades gastrointestinales ; Tratamiento farmacológico ; Técnicas diagnósticas
650 4 _aPediatría.
650 4 _aGastroenterología pediátrica.
650 4 _aNutrición infantil.
650 4 _aHepatología pediátrica.
700 1 _aArgüelles M., F.
700 1 _aGarcía N., M. D.
700 1 _aPavón B., P.
700 1 _aRomán R., E.
700 1 _aSilva G., G.
700 1 _aSojo A., A.
700 1 _aPeña Quintana, Luis,
_epról.
910 _aVMateo V.
942 _2ddc
_cBK
999 _c13043
_d13043